The unity of mankind: (Record no. 5840)

000 -LEADER
fixed length control field 00695nam a2200193 a 4500
001 - CONTROL NUMBER
control field :::00003582$&:&@@
003 - CONTROL NUMBER IDENTIFIER
control field OkBaRHE
005 - DATE AND TIME OF LATEST TRANSACTION
control field 20000607103308.0
008 - FIXED-LENGTH DATA ELEMENTS--GENERAL INFORMATION
fixed length control field s1958 j 000 0 eng u
040 ## - CATALOGING SOURCE
Transcribing agency
100 1# - MAIN ENTRY--PERSONAL NAME
Personal name Quimby, Chester Warren, 1891-
245 14 - TITLE STATEMENT
Title The unity of mankind:
Remainder of title a discussion of the central theme of the epistle to the Ephesians in the light of present-day experience.
260 ## - PUBLICATION, DISTRIBUTION, ETC. (IMPRINT)
Place of publication, distribution, etc Anderson, IN., :
Name of publisher, distributor, etc Warner Press
Date of publication, distribution, etc c1958
300 ## - PHYSICAL DESCRIPTION
Extent 160 p. ;
Dimensions 21 cm.
650 ## - SUBJECT ADDED ENTRY--TOPICAL TERM
Topical term or geographic name as entry element Bible New Testament Ephesians
General subdivision Theology
650 ## - SUBJECT ADDED ENTRY--TOPICAL TERM
Topical term or geographic name as entry element Christian Union
942 ## - ADDED ENTRY ELEMENTS (KOHA)
Source of classification or shelving scheme
Koha item type Books
Copies
Barcode Koha item type Source of classification or shelving scheme Lost status Withdrawn status Not for loan Permanent Location Date acquired Date last seen Shelving location Full call number Copy number Price effective from Damaged status
3582Books    RHEMA Bible Training College2010-04-142018-04-03General StacksBS 2695 .Q512010-04-14